Normal view
MARC view
- Muhammad Iqbal Khan
Entry Personal Name
001 - CONTROL NUMBER
- control field: 134207
003 - CONTROL NUMBER IDENTIFIER
- control field: NUST
005 - DATE AND TIME OF LATEST TRANSACTION
- control field: 20260417164437.0
008 - FIXED-LENGTH DATA ELEMENTS
- fixed length control field: 260417|| aca||aabn | a|a d
040 ## - CATALOGING SOURCE
- Original cataloging agency: NUST
- Transcribing agency: NUST
100 ## - HEADING--PERSONAL NAME
- Personal name: Muhammad Iqbal Khan
670 ## - SOURCE DATA FOUND
- Source citation: Work cat.: (NUST): Muhammad Iqbal Khan., Glaciology: Glacier and Avalanche Research /, 1994.
